| 000 | 00422nam a2200133Ia 4500 | ||
|---|---|---|---|
| 008 | 200924s9999 xx 000 0 und d | ||
| 020 | _a978-971-9809-50-0 | ||
| 100 | _aRabe-Aranda, Maria Rosario | ||
| 245 |
_cMaria Rosario Rabe-Aranda _aEnglish for tourism and hospitality industry/ |
||
| 260 |
_aManila: _bC&E Publishing _c2018 |
||
| 300 |
_avii, 134 pages _c25 cm. |
||
| 650 | _aHospitality industry | ||
| 650 | _aTourism | ||
| 999 |
_c364450 _d364450 |
||